000 01559nas a2200397 i 4500
001 Rev1509
003 ES-SlBCS
005 20210327224236.0
008 190607c19699999sp qr p z0uuub0mul
017 _aB 16734-1969
_bOficina Depósito Legal Barcelona
022 0 _a0066-5126
037 _bCuba, 18, 08030; tf. 931857690, fax 933118498; c.e. anuariopsicologia@horsori.net; p. web: www.horsori.net
040 _aSpMaBN
_bspa
_cSpMaBN
_erdc
_dES-SlBCS
041 0 _acat
_aeng
_afre
_aspa
080 _a159.9
130 0 _aAnuario de Psicología (Barcelona)
_9115506
210 0 _aAnu. psicol.
222 0 _aAnuario de psicología
245 0 0 _aAnuario de psicología
_cDepartamento de Psicología de la Universidad de Barcelona
260 _aBarcelona :
_bFontalba,
_c1969-
300 _av. ;
_c23 cm
310 _aCautrimestral
_b2005-
321 _aSemestral
_b1969-1988
321 _aTrimestral
_b1989-2004
362 1 _aComenzó en 1969
530 _aDisponible también en Internet (2001- )
546 _aTextos en varias lenguas
550 0 _aUniversitat de Barcelona. Facultat de Psicologia
550 0 _aUniversidad de Barcelona. Facultad de Filosofía y Ciencias de la Educación. Departamento de Psicología
590 _an. 4 (1971)
650 4 _aPsicología
_vPublicaciones periódicas
_92317
710 2 _aUniversidad de Barcelona
_bFacultad de Psicología
_9115507
776 1 _wa4709185
_tAnuario de psicología (Barcelona. Internet)
_x1988-5253
866 _a(1974), 1975-1980, (1981-1982), 1983-2013
942 _2lcc
_cREV
999 _c479950
_d479950